[Event "FRA-ch Women 2018"]
[Site "Nimes"]
[Date "2018.08.18"]
[Round "1"]
[White "Benmesbah, Natacha"]
[Black "Milliet, Sophie"]
[Result "1/2-1/2"]
[WhiteElo "2255"]
[BlackElo "2389"]
[Annotator "TA"]
[PlyCount "83"]
[EventDate "2018.08.18"]
[EventType "tourn"]
[EventCountry "FRA"]
[SourceTitle "playchess.com"]
[Source "ChessBase"]
[SourceQuality "1"]

{[%evp 11,83,22,38,36,36,37,31,37,42,31,47,14,32,9,43,44,40,41,49,45,75,0,43,41,53,44,51,41,47,42,75,0,51,57,68,41,59,58,60,10,11,11,11,11,12,12,39,24,31,0,0,-4,0,0,39,40,53,29,64,30,55,0,0,0,83,0,89,0,0,0,0,0,0,0]} 1. e4 e5 2. Nf3 Nc6 3. Bc4 Nf6 4. d3 h6 5. c3 d6 6. b4 g6 {LiveBook: 3 Games. C55: Two Knights: 4 d3, 4 d4 exd4 5 e5 and Max Lange Attack} 7. Qb3 Qe7 8. a4 {[%cal Ba2a4,Ba4a5][%mdl 32]} Bg7 {White is slightly better.} 9. O-O O-O 10. Re1 $146 ({Predecessor:} 10. a5 a6 11. Nbd2 Bd7 12. Re1 Kh7 13. d4 Ng8 14. d5 Na7 15. Bf1 {1-0 (41) Managadze,N (2435)-Lostuzzi,M (2380) Chalkida 1998}) 10... Nh5 11. a5 a6 12. h3 g5 13. Qd1 Nf4 14. Bxf4 gxf4 15. d4 Kh7 16. dxe5 (16. d5 $16 Na7 17. Bb3) 16... dxe5 17. Nbd2 Rg8 18. Kh2 Qf6 19. Qe2 Bf8 20. Rg1 Bd7 21. g3 (21. Bd5 $16) 21... Bd6 (21... Na7 $11) 22. Nh4 $14 Ne7 23. Ndf3 Rg7 24. g4 Rag8 25. Nf5 (25. Bd3 {is more complex.} Rd8 26. Nf5 Rgg8 27. Rad1 Rde8 28. Nxd6 cxd6 29. Bc4) 25... Nxf5 26. gxf5 Rxg1 27. Rxg1 Rxg1 28. Kxg1 c6 29. Qd3 {Hoping for Bxf7!} Be8 $1 30. Kh2 Bc7 31. Ne1 Qh4 32. Qf3 Bd6 (32... c5 $5) 33. Nd3 Qe7 34. Qg4 Qg5 35. Qxg5 (35. f3 {with more complications.} Qg7 36. h4 Kg8 37. Kh3 h5 38. Qxg7+ Kxg7 39. Kg2) 35... hxg5 36. Nc5 (36. Bb3 $14) 36... Bxc5 $1 $11 37. bxc5 {KB-KB} Kg7 {[#]} (37... Kh6 $1 $11 {remains equal.}) 38. Kg2 (38. h4 $1 $16) 38... Kf8 {[#]} (38... Kh6 $11) 39. f3 ({White should play} 39. f6 $1 $16) 39... Kg7 {The position is equal.} 40. h4 Kh6 41. hxg5+ Kxg5 42. Kh3 {Precision: White = 53%, Black = 44%.} 1/2-1/2

[Event "FRA-ch Women 2018"]
[Site "Nimes"]
[Date "2018.08.18"]
[Round "1"]
[White "Navrotescu, Andreea-Cristiana"]
[Black "Monpeurt, Cyrielle"]
[Result "1-0"]
[WhiteElo "2247"]
[BlackElo "2175"]
[Annotator "TA"]
[PlyCount "149"]
[EventDate "2018.08.18"]
[EventType "tourn"]
[EventCountry "FRA"]
[SourceTitle "playchess.com"]
[Source "ChessBase"]
[SourceQuality "1"]

{[%evp 18,149,62,48,87,94,83,83,85,85,91,80,78,62,134,79,82,77,84,18,85,79,69,29,28,29,29,-7,0,0,0,0,0,-19,0,0,0,0,0,0,0,0,0,-3,-10,-16,0,-6,0,-27,-36,-42,0,0,0,0,0,0,0,0,61,55,68,59,125,120,145,22,26,37,28,0,0,0,0,0,0,0,0,0,0,0,0,0,0,0,0,-1,0,0,8,8,8,8,20,19,74,52,620,611,503,512,770,950,893,939,837,606,881,591,591,584,564,576,576,539,1147,1147,1147,1147,1742,576,4894,4610,29969,1718,1550,0,29969,29966,29968,5634,29971,29972]} 1. d4 Nf6 2. c4 e6 3. Nc3 c5 4. d5 exd5 5. cxd5 d6 6. Nf3 g6 7. Bf4 a6 8. a4 Qe7 9. h3 Nbd7 {A61: Modern Benoni: Nf3 without early e4} 10. e3 {LiveBook: 65 Games} Ne4 (10... Bg7 11. Be2 O-O 12. O-O Ne8 13. Re1 Rb8 14. Qc2 b6 15. Rad1 h6 16. e4 g5 17. Bh2 {½-½ (35) Vallejo Pons,F (2706)-Iordachescu,V (2590) Jerusalem 2015}) 11. Nxe4 $146 ({Predecessor:} 11. Bd3 Nxc3 12. bxc3 Bg7 13. Ra3 O-O 14. O-O Rb8 15. c4 Ne5 16. e4 Bd7 17. Bxe5 Bxe5 18. Nxe5 Qxe5 {½-½ (46) Vezzosi,P (2281)-Bove,A (2365) Civitanova Marche 2013}) 11... Qxe4 {White is better.} 12. Nd2 Qb4 13. Bc4 Be7 14. O-O O-O 15. b3 g5 (15... f5 $14) 16. Bg3 ({White should play} 16. Bh2 $1) 16... f5 $16 17. f4 Qc3 18. Rc1 ({Better is} 18. Qe2 $16) 18... Qg7 (18... Qxe3+ $11 {remains equal.} 19. Kh2 Qd4) 19. fxg5 Qxg5 20. Qe1 Kh8 21. Nf3 Qg7 22. Rc2 Nf6 23. Bh4 Ne4 24. Bxe7 Qxe7 25. Qh4 Qxh4 26. Nxh4 Bd7 27. a5 Rae8 28. Kh2 Kg7 29. Bd3 Re5 30. Nf3 Re7 31. Nh4 Re5 32. Rf4 Rxd5 33. Bxe4 (33. Nxf5+ $5 Bxf5 34. Bxe4 Bxe4 35. Rxe4 $11) 33... fxe4 34. Rxe4 Rd3 35. b4 d5 36. Re7+ Rf7 37. Rxf7+ Kxf7 38. Rxc5 $11 {[%mdl 4096] Endgame KRB-KRN} Bc6 (38... Ke6 $11) 39. Nf5 $14 Ke6 $1 {[%cal Re6f5]} 40. g4 Rd2+ (40... Ke5 $14) 41. Kg3 $16 Rb2 42. Kf4 (42. Nd4+ $16 Kd6 43. Rc1) 42... Rxb4+ $11 43. Nd4+ Kd6 44. Rc3 Ra4 45. Kg5 Rxa5 46. Kh6 Ra1 47. h4 Bd7 {Strongly threatening ...Rh1.} 48. g5 Rh1 49. Kxh7 Rxh4+ 50. Kg7 Rg4 51. Kf6 Rg2 52. Ra3 Bc8 53. g6 Rf2+ 54. Kg7 b5 55. Ra1 Rg2 56. Rf1 {And now Kf7 would win.} b4 $1 57. Rf6+ Ke7 $2 {[%mdl 8192]} (57... Ke5 $14) 58. Nc6+ $18 Kd7 {With the idea ...b3.} 59. Nxb4 a5 (59... d4 $142 60. exd4 a5) 60. Nxd5 Bb7 61. Nf4 Rg3 62. Rf7+ Kc8 63. Rf5 Be4 64. Re5 Bb1 65. Kf6 a4 66. g7 a3 67. Ra5 ({Not} 67. Re8+ Kb7 $14) 67... a2 68. Kf7 Bh7 69. Nd5 (69. Rxa2 $142 Rxe3 70. Rh2) 69... Rf3+ 70. Nf6 $1 Rf2 {[#]} 71. Ke7 (71. Rxa2 $142 $1 {[%mdl 512]} Rf3 (71... Rxa2 72. Nxh7) 72. Rh2 Bg8+ 73. Kxg8 Rxe3 74. Rh7 Rg3 75. Kh8 Kd8 76. g8=Q+ Rxg8+ 77. Kxg8) 71... Rg2 72. Kf7 (72. Kf8 $18 Rf2 73. Kf7) 72... Rf2 $1 {[#]} 73. e4 $1 {[%mdl 512]} Kc7 {[#]} (73... Bxe4 74. g8=Q+) 74. e5 (74. Rxa2 $142 $1 {[%mdl 512]} Rf3 (74... Rxa2 75. Nxh7) 75. e5 Kc6 76. e6 Bg8+ 77. Kxg8 Rxf6 78. Re2 Kd6 79. e7) 74... Kb6 {[#]} 75. Rxa2 $1 {[%mdl 512] Precision: White = 66%, Black = 50%.} 1-0

[Event "FRA-ch Women 2018"]
[Site "Nimes"]
[Date "2018.08.18"]
[Round "1"]
[White "Leconte, Maria"]
[Black "Haussernot, Cecile"]
[Result "0-1"]
[WhiteElo "2224"]
[BlackElo "2198"]
[Annotator "TA"]
[PlyCount "74"]
[EventDate "2018.08.18"]
[EventType "tourn"]
[EventCountry "FRA"]
[SourceTitle "playchess.com"]
[Source "ChessBase"]
[SourceQuality "1"]

{[%evp 25,74,0,0,0,12,-15,-8,-32,-33,-29,-28,-30,-22,-28,-23,-47,-44,-47,-33,-38,-27,-41,-40,-43,-43,-46,0,-145,-143,-239,-253,-806,-806,-730,-730,-731,-731,-713,-693,-1039,-726,-722,-718,-710,-704,-678,-661,-29991,-1937,-29997,-29997]} 1. e4 e6 2. d4 d5 3. Nc3 Nf6 4. e5 Nfd7 5. f4 c5 6. Nf3 Nc6 7. Be3 Be7 8. Qd2 O-O 9. Be2 {C11: French: Classical System: 4 e5 and 4 Bg5 dxe4} (9. dxc5 Qa5 10. a3 Bxc5 11. O-O-O Rd8 12. Bxc5 Nxc5 13. h4 Bd7 14. h5 h6 15. g4 Be8 16. Qe3 d4 17. Nxd4 Nxd4 18. Rxd4 {½-½ (26) Inarkiev,E (2689)-Volkov,S (2645) St Petersburg 2017}) 9... b6 10. O-O f5 11. Nd1 cxd4 12. Nxd4 Nxd4 13. Bxd4 Nc5 {LiveBook: 22 Games} 14. Nf2 Qc7 15. Qc3 $146 ({Predecessor:} 15. Rfd1 Bb7 16. a4 a5 {½-½ (34) Tiinanen,T (1992)-Nivala,T (2224) Finland 2018}) 15... a5 16. a3 Ba6 17. Bxa6 Rxa6 18. b4 {[#] Nd3 is the strong threat.} Ra7 19. Rfd1 Na4 20. Qb3 Qc6 21. c3 Rc7 {[%cal Ra4c3]} 22. Rdc1 Rfc8 23. Nd1 Qb5 {[#] White must now prevent ...Bc5!} 24. Rab1 axb4 25. axb4 g5 26. g3 (26. Rc2 $11) 26... gxf4 $40 {[%mdl 128] Black attacks with force.} 27. gxf4 (27. Rc2 $17 {was necessary.}) 27... Bh4 $19 {( -> ...Rg7+)} 28. Rc2 $2 (28. Ne3 Qe2 29. Kh1 Qf3+ 30. Ng2 Nxc3 31. Bxb6) 28... Rg7+ 29. Rg2 Rxg2+ 30. Kxg2 Qe2+ 31. Nf2 Bxf2 32. Bxf2 Qe4+ 33. Kg1 Nxc3 34. Re1 Ne2+ 35. Kf1 Rc2 36. Bg3 Kh8 (36... Rd2 $142 37. Rd1 Qh1+ 38. Kf2 Rxd1 39. Qxd1 Qxd1 40. h3 Nd4 41. Kg2 Qf3+ 42. Kh2 Ne2 43. Be1 Nxf4 44. h4 Qg2#) 37. Qa3 Nxg3+ {Precision: White = 31%, Black = 76%.} 0-1

[Event "FRA-ch Women 2018"]
[Site "Nimes"]
[Date "2018.08.18"]
[Round "1"]
[White "Bollengier, Andreea"]
[Black "Safranska, Anda"]
[Result "0-1"]
[WhiteElo "2219"]
[BlackElo "2193"]
[Annotator "TA"]
[PlyCount "120"]
[EventDate "2018.08.18"]
[EventType "tourn"]
[EventCountry "FRA"]
[SourceTitle "playchess.com"]
[Source "ChessBase"]
[SourceQuality "1"]

{[%evp 9,120,17,29,19,40,22,31,12,36,10,12,14,8,-33,13,13,23,25,6,3,0,-6,10,-6,28,-39,-25,-43,-33,-105,-33,-21,10,-56,-31,-27,-27,-117,-52,-55,-51,-78,-20,-29,-17,-31,-17,-17,-12,-13,-4,-4,0,-4,0,0,0,-8,-8,-8,-8,-8,-10,-45,-26,-39,-29,-105,-106,-105,-99,-191,-191,-177,-127,-144,-148,-159,-150,-126,-122,-229,-220,-228,-174,-199,0,-185,-97,-100,-40,-40,-44,-111,-44,-47,-40,-34,-8,-13,0,-69,-13,-16,-17,-30,0,-551,-580,-541,-377,-29984,-29985]} 1. e4 Nc6 2. d4 d5 3. e5 Bf5 4. c3 f6 5. Nf3 (5. f4 Nh6 6. Nf3 e6 7. Be3 Be7 8. Nbd2 O-O 9. Bb5 Ng4 10. Qe2 fxe5 11. fxe5 Nxe3 12. Qxe3 Qe8 {1-0 (45) Frolov,A (2405)-Shkuro,I (2566) Omelnyk 2017}) 5... Qd7 6. Bb5 {B00: Queen's Fianchetto Defence, Nimzowitsch Defence} e6 7. Nbd2 a6 8. Ba4 {White is slightly better.} Nge7 $146 ({Predecessor:} 8... b5 9. Bc2 Bxc2 10. Qxc2 fxe5 11. dxe5 g6 12. Nb3 Nh6 13. Bf4 Nf7 {0-1 (28) Cuadrado Lopez,F (1975)-Lebel,P (2159) Kolobrzeg 2005}) 9. exf6 gxf6 10. Nh4 O-O-O 11. Qe2 Bg6 12. Nb3 {aiming for Nc5.} Nf5 13. Nxg6 hxg6 {[#]} 14. Na5 $1 {[%mdl 512]} b5 (14... Nxa5 15. Bxd7+) 15. Nxc6 Qxc6 16. Bc2 $132 {[%mdl 2048] White is not keeping still} Kb7 17. Bf4 (17. O-O $11) 17... g5 $15 18. Be3 Bd6 19. g3 (19. O-O-O $15) 19... Nxe3 (19... Rh3 $17 20. O-O-O Nxe3 21. fxe3 Rdh8) 20. Qxe3 e5 21. dxe5 ({White should play} 21. O-O-O $1 $11) 21... Bxe5 22. O-O-O {[#]} d4 $1 {[%mdl 512]} 23. Qe2 (23. cxd4 $11 Bxd4 24. Qe4) 23... Ka7 ({Wrong is} 23... dxc3 $2 24. Be4 $18) (23... Rhe8 $17 24. Kb1 Bxg3 $1 {[%mdl 512]}) 24. cxd4 Rxd4 25. Kb1 Rhd8 (25... Rxd1+ $17 26. Qxd1 Rd8 $1 {[%mdl 512]}) 26. Rhe1 $11 Qc5 27. Bb3 Qb4 28. Rxd4 Rxd4 29. Rd1 a5 30. Rxd4 Bxd4 31. Bd1 a4 32. a3 Qc5 33. f4 gxf4 34. gxf4 Be3 35. Bc2 Bxf4 36. Be4 Be5 37. h3 Qd4 38. Bg2 {[#]} (38. h4 $11) 38... Kb6 $1 $17 39. Qc2 c5 40. Bh1 (40. Be4 $17) 40... Qg1+ $19 41. Qc1 Qh2 42. Ba8 Qxh3 43. Qd1 Bd4 44. Qe2 Qd7 45. Qg2 (45. Bf3 $17) 45... Be5 46. Ka2 Ka5 47. Bd5 Kb6 $2 (47... b4 $19 {White must now prevent ...b3+.} 48. Qd2 f5) 48. Qg8 $2 (48. Ba8 $1 $11 f5 49. Bd5) 48... Kc7 (48... f5 $19 {And now ...b4 would win.} 49. Kb1 b4) 49. Qa8 $17 Kd6 (49... Kb6 $2 50. Qg8 $19) (49... c4 $17 {Strongly threatening ...Kb6.} 50. Qa5+ Kd6) 50. Be4 Bd4 51. Bd5 (51. Kb1 $15) 51... Ke5 (51... b4 $17 52. Bc4 b3+ 53. Ka1 Qc6 54. Qb8+ Ke7 55. Qa7+ Qd7 56. Qxd7+ Kxd7 57. Bb5+ Kd6 58. Bxa4 c4) 52. Bc6 $1 $15 {[%cal Rc6d7]} Qe6+ 53. Kb1 $1 Qf5+ 54. Ka2 {Hoping for Qb8+.} Qe6+ ({Black should try} 54... Qf2 $11 55. Qb8+ Kf5 56. Qxb5 Kg4) 55. Kb1 $1 Kf5 ({Better is} 55... Kf4 $1 $15 56. Qb8+ Kg4 57. Qxb5 Qf5+ 58. Kc1 Qf2) 56. Qb7 $11 {Bd7 is the strong threat.} Qe1+ 57. Ka2 Qe6+ 58. Bd5 $2 {[%mdl 8192]} (58. Kb1 $1 $11 Qe2 59. Qxb5 Qd1+ 60. Ka2) 58... Qe2 $19 {[%csl Gd4][%cal Re2b2]} 59. Qh7+ Kf4 {[%csl Gd4][%cal Re2b2]} 60. Qh6+ $2 (60. Qb1 $19) 60... Ke5 {Precision: White = 42%, Black = 32%.} 0-1

[Event "FRA-ch Women 2018"]
[Site "Nimes"]
[Date "2018.08.18"]
[Round "1"]
[White "Afraoui, Anaelle"]
[Black "Guichard, Pauline"]
[Result "0-1"]
[WhiteElo "2041"]
[BlackElo "2365"]
[Annotator "TA"]
[PlyCount "130"]
[EventDate "2018.08.18"]
[EventType "tourn"]
[EventCountry "FRA"]
[SourceTitle "playchess.com"]
[Source "ChessBase"]
[SourceQuality "1"]

{[%evp 17,130,14,47,-49,-48,-41,-42,-39,-31,-27,-12,-10,-17,-12,18,21,53,28,52,56,85,0,0,0,0,0,0,-11,-14,-8,8,0,0,0,0,-64,0,0,0,0,0,0,0,0,79,0,59,-8,-8,-8,-8,-8,-11,-10,-25,-44,-8,-64,-70,-83,-74,-77,-12,-251,-87,-220,-8,-8,-8,-8,-8,-8,-8,-8,-8,-8,-8,-8,-8,-8,0,0,0,0,0,-10,0,0,0,0,0,-8,-8,-8,-8,-8,0,0,0,-8,-8,-29985,-29986,-29985,-8,-29988,-29989,-29989,-29990,-29990,-29988,-29991,-29991,-29993,-29994]} 1. e4 e5 2. Nf3 Nc6 3. Nc3 Nf6 4. Bb5 Bb4 5. O-O O-O 6. d3 d6 7. Bg5 Ne7 8. Nh4 Bxc3 9. bxc3 c6 {[%cal Bc7c6,Bc6b5][%mdl 32] LiveBook: 19 Games} 10. Bxf6 $146 {C49: Four Knights: 4 Bb5 Bb4} (10. Bc4 $14) ({Predecessor:} 10. Bc4 d5 11. Bb3 Qd6 12. Qf3 a5 13. a4 dxe4 14. dxe4 Bg4 15. Qg3 Be2 16. Rfe1 Nxe4 17. Qe3 Nxg5 18. Qxg5 {½-½ (36) Miton,K (2584)-Nguyen,N (2630) Riadh 2017}) 10... cxb5 $15 11. Bg5 f6 12. Bd2 {Black is slightly better.} g5 13. Nf3 Bg4 14. a4 bxa4 15. Rxa4 Qd7 16. Ra3 Kh8 17. Qe2 f5 18. h3 $1 {[%cal Rh3g4]} ({Worse is} 18. Bxg5 fxe4 19. Nxe5 dxe5 $17) 18... fxe4 19. hxg4 ({White should try} 19. Nxe5 $1 $16 Bxe2 20. Nxd7 Bxf1 21. Nxf8) 19... exf3 $11 20. gxf3 h6 21. Qe4 Rf6 22. d4 Nc6 23. dxe5 d5 $132 {[%mdl 2048] Black is not keeping still} 24. Qe2 Re8 25. Be3 $1 Rxe5 26. Rd1 {[#]} (26. Kg2 $11) 26... Re8 (26... h5 $1 $15 {[%mdl 512]} 27. Ra4 (27. gxh5 Qh3) 27... Qe6) 27. c4 Qe7 28. cxd5 Qxa3 29. dxc6 bxc6 30. Qc4 c5 (30... Rxe3 $11 {remains equal.} 31. Rd8+ Rf8 32. Rxf8+ Qxf8 33. Qd4+ Qg7 34. Qxe3 Qc7) 31. Rd3 (31. Rd7 $16) 31... Qb4 (31... Qa6 $11 32. Qxc5 Qc6) 32. Qxb4 ({Better is} 32. Qd5 $1 $14) 32... cxb4 $14 {[%mdl 4096] Endgame KRR-KRB} 33. Bd4 Kg7 34. Rb3 $1 a5 35. c3 $1 Rb8 36. cxb4 $1 axb4 37. Kf1 Kg6 38. Bxf6 Kxf6 $15 {KR-KR} 39. Ke2 Ke5 (39... Rb5 $1 $17) 40. Ke3 $2 (40. Re3+ $1 $11 {and White has nothing to worry.} Kd4 41. Kd2) 40... Rb7 $2 (40... Rb6 $1 $19 {[%cal Rb6b8]} 41. Ke2 Kd4) 41. Kd3 (41. Ke2 $17 {was forced.}) 41... Kd5 $2 (41... Rd7+ $1 $19 42. Kc2 Kf4) 42. Kc2 $1 $11 Rc7+ 43. Kb2 Kc4 44. Re3 Rd7 {And now ...Rd2+ would win.} 45. Kc2 Rf7 46. Kb2 Rf8 47. Kc2 Rf6 48. Kb2 Ra6 49. Re4+ Kd3 50. Kb3 Rb6 51. Re3+ Kd2 52. Re4 Rf6 53. Re3 $1 Rf4 54. Kb2 $1 Rc4 {Hoping for ...Rc2+.} 55. Re6 Rc2+ 56. Kb1 Rc1+ 57. Kb2 {Threatens to win with Rd6+.} Rc2+ 58. Kb1 {Rd6+ is the strong threat.} Rc3 {White must now prevent ...Rb3+.} 59. Rxh6 $2 {[%mdl 8192] [#]} (59. Kb2 $11) 59... Rb3+ $1 60. Ka2 {[#]} Rxf3 $2 (60... Kc2 $1 {mates} 61. Rc6+ Rc3 62. Rxc3+ bxc3 63. f4 Kd1 64. fxg5 c2 65. f3 c1=Q 66. Kb3 Qxg5 67. Kb4 Ke2 68. f4 Qxg4 69. Kc4 Qxf4+ 70. Kc5 Kd3 71. Kd5 Qf5+ 72. Kc6 Kc4 73. Kd6 Kb5 74. Kc7 Kc5 75. Kd8 Kd6 76. Ke8 Qf4 77. Kd8 Qf8#) 61. Rd6+ $2 {[%mdl 8192]} (61. Kb2 $11) 61... Kc2 {[%csl Gb4][%cal Rf3a3] Black mates.} 62. Rc6+ Rc3 63. Rxc3+ bxc3 {[%cal Bb4c3,Bc3c2][%mdl 32]} 64. f4 Kd2 65. fxg5 c2 {Precision: White = 54%, Black = 41%.} 0-1

[Event "FRA-ch Women 2018"]
[Site "Nimes"]
[Date "2018.08.19"]
[Round "2"]
[White "Milliet, Sophie"]
[Black "Haussernot, Cecile"]
[Result "1-0"]
[WhiteElo "2389"]
[BlackElo "2198"]
[Annotator "NA"]
[PlyCount "103"]
[EventDate "2018.08.18"]
[EventType "tourn"]
[EventCountry "FRA"]
[SourceTitle "playchess.com"]
[Source "ChessBase"]
[SourceQuality "1"]
[TimeControl "40/5400+30:1800+30"]

1. e4 {[%emt 0:02:31]} e6 {[%emt 0:00:00]} 2. d4 {[%emt 0:00:04]} d5 {[%emt 0:00:00]} 3. e5 {[%emt 0:00:03]} c5 {[%emt 0:00:00]} 4. c3 {[%emt 0:00:03]} Nc6 {[%emt 0:00:00]} 5. Nf3 {[%emt 0:00:04]} Qb6 {[%emt 0:00:00]} 6. a3 {[%emt 0:00:07]} Nh6 {[%emt 0:00:20]} 7. b4 {[%emt 0:00:19]} cxd4 {[%emt 0:00:17]} 8. Bxh6 {[%emt 0:00:05]} gxh6 {[%emt 0:00:07]} 9. cxd4 {[%emt 0:00:03]} Rg8 $16 {[%emt 0:22:57]} (9... Bd7 $11 {remains equal.}) 10. Nc3 {[%emt 0:32:04]} a6 {[%emt 0:37:08]} 11. Na4 {[%emt 0:03:08]} Qa7 {[%emt 0:00:19]} 12. Rb1 {[%emt 0:03:13]} Rg4 {[%emt 0:01:19]} 13. Nc5 {[%emt 0:00:36]} b6 {[%emt 0:07:30]} 14. Nb3 {[%emt 0:10:14]} Bd7 {[%emt 0:04:33]} 15. h3 {[%emt 0:00:51]} Rg7 {[%emt 0:08:15]} 16. g3 {[%emt 0:00:42]} a5 {[%emt 0:00:14]} 17. b5 {[%emt 0:00:26]} Ne7 {[%emt 0:01:01]} 18. a4 {[%emt 0:00:14]} Nf5 {[%emt 0:00:19]} 19. Bd3 {[%emt 0:02:08]} Bb4+ {[%emt 0:00:07]} 20. Kf1 {[%emt 0:12:54]} Kf8 {[%emt 0:03:27]} 21. Rc1 {[%emt 0:02:05]} Kg8 {[%emt 0:00:38]} 22. Rc2 {[%emt 0:02:10]} Ba3 {[%emt 0:04:49]} 23. g4 {[%emt 0:06:34]} Ne7 {[%emt 0:00:27]} 24. Qa1 {[%emt 0:00:08]} Bb4 {[%emt 0:00:13]} 25. Qc1 {[%emt 0:00:05]} Rc8 {[%emt 0:00:26]} 26. Rxc8+ {[%emt 0:01:00]} Nxc8 {[%emt 0:00:15]} 27. Qxh6 {[%emt 0:01:24]} Qc7 {[%emt 0:00:15]} 28. Qc1 {[%emt 0:01:28]} Qd8 {[%emt 0:00:25]} 29. g5 {[%emt 0:01:29]} Ne7 {[%emt 0:00:39]} 30. Nh2 {[%emt 0:03:32]} Nf5 {[%emt 0:00:10]} 31. Ng4 {[%emt 0:00:11]} Kh8 {[%emt 0:00:53]} 32. Nf6 {[%emt 0:04:38]} Be7 {[%emt 0:00:21]} 33. h4 {[%emt 0:01:09]} Bxf6 {[%emt 0:00:34]} 34. exf6 {[%emt 0:01:08]} Rg8 {[%emt 0:00:06]} 35. Bxf5 {[%emt 0:05:05]} exf5 {[%emt 0:00:02]} 36. Nd2 {[%emt 0:03:45]} Qe8 {[%emt 0:01:39]} 37. Nf3 {[%emt 0:01:31]} Qe4 {[%emt 0:00:40]} 38. Qe3 {[%emt 0:00:05]} f4 {[%emt 0:00:51]} 39. Qxe4 {[%emt 0:00:10]} dxe4 {[%emt 0:00:01]} 40. Ne5 {[%emt 0:00:09]} Be6 {[%emt 0:00:03]} 41. Ke2 {[%emt 0:07:09]} Rd8 {[%emt 0:01:52]} 42. Rc1 {[%emt 0:04:10]} Rxd4 {[%emt 0:07:55]} 43. Nxf7+ {[%emt 0:00:31]} Kg8 {[%emt 0:00:04]} 44. Nh6+ {[%emt 0:01:04]} Kf8 {[%emt 0:00:03]} 45. h5 {[%emt 0:01:56]} Ke8 {[%emt 0:05:08]} 46. g6 hxg6 {[%emt 0:00:18]} 47. hxg6 {[%emt 0:00:59]} Rxa4 {[%emt 0:00:35]} 48. g7 {[%emt 0:04:00]} Ra2+ {[%emt 0:02:09]} 49. Ke1 {[%emt 0:09:48]} e3 {[%emt 0:02:26]} 50. fxe3 {[%emt 0:00:12]} f3 {[%emt 0:00:10]} 51. f7+ {[%emt 0:03:48]} Kd7 {[%emt 0:00:12]} 52. f8=N+ {[%emt 0:00:25]} 1-0

[Event "FRA-ch Women 2018"]
[Site "Nimes"]
[Date "2018.08.19"]
[Round "2"]
[White "Guichard, Pauline"]
[Black "Navrotescu, Andreea-C"]
[Result "1-0"]
[WhiteElo "2365"]
[BlackElo "2247"]
[Annotator "NA"]
[PlyCount "81"]
[EventDate "2018.08.18"]
[EventType "tourn"]
[EventCountry "FRA"]
[SourceTitle "playchess.com"]
[Source "ChessBase"]
[SourceQuality "1"]
[TimeControl "40/5400+30:1800+30"]

1. Nf3 {[%emt 0:00:00]} c5 {[%emt 0:00:03]} 2. c4 {[%emt 0:00:00]} Nc6 {[%emt 0:00:00]} 3. b3 {[%emt 0:00:00]} e5 {[%emt 0:01:13]} 4. Bb2 {[%emt 0:01:39]} d6 {[%emt 0:01:19]} 5. g3 {[%emt 0:01:07]} g6 {[%emt 0:00:41]} 6. Bg2 {[%emt 0:01:12]} Bg7 {[%emt 0:00:13]} 7. d3 {[%emt 0:00:45]} Nge7 {[%emt 0:00:23]} 8. Nc3 {[%emt 0:00:31]} O-O {[%emt 0:00:35]} 9. O-O {[%emt 0:00:19]} Rb8 {[%emt 0:00:50]} 10. Ne1 {[%emt 0:00:54]} Be6 {[%emt 0:00:23]} 11. Nd5 {[%emt 0:11:34]} b5 {[%emt 0:04:21]} 12. Nc2 {[%emt 0:02:50]} f5 {[%emt 0:02:06]} 13. f4 {[%emt 0:01:54]} bxc4 {[%emt 0:02:48]} 14. dxc4 {[%emt 0:00:47]} e4 {[%emt 0:00:08]} 15. Bxg7 {[%emt 0:05:29]} Kxg7 {[%emt 0:00:44]} 16. Nce3 {[%emt 0:00:21]} Bxd5 {[%emt 0:10:31]} 17. cxd5 {[%emt 0:07:08]} Nd4 {[%emt 0:00:48]} 18. Qd2 $11 {[%emt 0:01:30]} Qb6 {[%emt 0:09:59]} 19. g4 {[%emt 0:04:20]} Qb4 {[%emt 0:09:54]} 20. Qb2 {[%emt 0:01:07]} Kg8 {[%emt 0:04:51]} 21. Kh1 {[%emt 0:07:01]} a5 {[%emt 0:02:36]} 22. Rac1 {[%emt 0:02:39]} a4 {[%emt 0:02:56]} 23. gxf5 {[%emt 0:05:24]} gxf5 {[%emt 0:12:22]} 24. Rg1 {[%emt 0:00:15]} a3 {[%emt 0:02:08]} 25. Bf1+ {[%emt 0:04:24]} Ng6 {[%emt 0:03:41]} 26. Qa1 {[%emt 0:04:10]} Qd2 {[%emt 0:01:07]} 27. Nc4 {[%emt 0:01:28]} Qxf4 {[%emt 0:13:48]} 28. e3 {[%emt 0:00:16]} Qh6 {[%emt 0:00:27]} 29. exd4 {[%emt 0:01:01]} cxd4 {[%emt 0:00:11]} 30. Nxd6 {[%emt 0:03:33]} d3 {[%emt 0:01:05]} 31. Rc7 {[%emt 0:03:05]} Rbd8 {[%emt 0:06:39]} 32. Qe5 {[%emt 0:01:47]} d2 {[%emt 0:00:26]} 33. Be2 {[%emt 0:00:33]} f4 {[%emt 0:00:18]} 34. Qe6+ {[%emt 0:08:01]} Kh8 {[%emt 0:00:03]} 35. Nf7+ {[%emt 0:00:24]} Rxf7 {[%emt 0:00:09]} 36. Rxf7 {[%emt 0:00:23]} f3 {[%emt 0:01:43]} 37. Bc4 {[%emt 0:02:51]} Qh4 {[%emt 0:00:41]} 38. d6 {[%emt 0:09:56]} Rg8 {[%emt 0:01:01]} 39. Rxf3 {[%emt 0:02:24]} Rd8 {[%emt 0:00:36]} 40. Rh3 {[%emt 0:00:49]} d1=Q {[%emt 0:01:10]} 41. Rxd1 {[%emt 0:30:15]} 1-0

[Event "FRA-ch Women 2018"]
[Site "Nimes"]
[Date "2018.08.19"]
[Round "2"]
[White "Guichard, Pauline"]
[Black "Navrotescu, Andreea-Cristiana"]
[Result "*"]
[WhiteElo "2365"]
[BlackElo "2247"]
[Annotator "NA"]
[PlyCount "48"]
[EventDate "2018.08.18"]
[EventType "tourn"]
[EventCountry "FRA"]
[SourceTitle "playchess.com"]
[Source "ChessBase"]
[SourceQuality "1"]
[TimeControl "40/5400+30:1800+30"]

1. Nf3 {[%emt 0:00:00]} c5 {[%emt 0:00:03]} 2. c4 {[%emt 0:00:00]} Nc6 {[%emt 0:00:00]} 3. b3 {[%emt 0:00:00]} e5 {[%emt 0:01:13]} 4. Bb2 {[%emt 0:01:39]} d6 {[%emt 0:01:19]} 5. g3 {[%emt 0:01:07]} g6 {[%emt 0:00:41]} 6. Bg2 {[%emt 0:01:12]} Bg7 {[%emt 0:00:13]} 7. d3 {[%emt 0:00:45]} Nge7 {[%emt 0:00:23]} 8. Nc3 {[%emt 0:00:31]} O-O {[%emt 0:00:35]} 9. O-O {[%emt 0:00:19]} Rb8 {[%emt 0:00:50]} 10. Ne1 {[%emt 0:00:54]} Be6 {[%emt 0:00:23]} 11. Nd5 {[%emt 0:11:34]} b5 {[%emt 0:04:21]} 12. Nc2 {[%emt 0:02:50]} f5 {[%emt 0:02:06]} 13. f4 {[%emt 0:01:54]} bxc4 {[%emt 0:02:48]} 14. dxc4 {[%emt 0:00:47]} e4 {[%emt 0:00:08]} 15. Bxg7 {[%emt 0:05:29]} Kxg7 {[%emt 0:00:44]} 16. Nce3 {[%emt 0:00:21]} Bxd5 {[%emt 0:10:31]} 17. cxd5 {[%emt 0:07:08]} Nd4 {[%emt 0:00:48]} 18. Qd2 $11 {[%emt 0:01:30]} Qb6 {[%emt 0:09:59]} 19. g4 {[%emt 0:04:20]} Qb4 {[%emt 0:09:54]} 20. Qb2 {[%emt 0:01:07]} Kg8 {[%emt 0:04:51]} 21. Kh1 {[%emt 0:07:01]} a5 {[%emt 0:02:36]} 22. Rac1 {[%emt 0:02:39]} a4 {[%emt 0:02:56]} 23. gxf5 {[%emt 0:05:24]} gxf5 {[%emt 0:12:22]} 24. Rg1 {[%emt 0:00:15]} a3 {[%emt 0:02:08]} *